Marcel Pagnol : Souvenirs d'enfance - Statistiques

Statistiques générales
  • Ce quiz a été pris 70 fois
  • Le résultat moyen est 14 sur 22
Statistiques - réponses
Questions Réponses % Correct
Ville où naquit Marcel Pagnol Aubagne
100%
Profession du père de Marcel Pagnol. Instituteur
94%
Prénom du frère de Marcel Pagnol de trois ans son cadet. Paul
84%
Office religieux de Noël que n'a jamais manqué l'oncle maternel de Marcel Pagnol : la messe de _____. Minuit
81%
Prénom des parents de Marcel Pagnol. Augustine
79%
Oiseau qu'abattit le père de Marcel Pagnol de seulement deux coups de fusil. La perdrix bartavelle
77%
Prénom des parents de Marcel Pagnol. Joseph
76%
Surnom de l'ami paysan de Marcel Pagnol, David Magnan. Lili
73%
Prénom de l'oncle et de la tante de Marcel Pagnol. Jules
71%
Guerre au cours de laquelle David Magnan, l'ami paysan d'enfance de Marcel Pagnol trouva la mort, "dans une noire forêt du Nord [...], tombé sous la pluie, sur des touffes de plantes froides dont il ne savait pas les noms…". La Première Guerre mondiale
69%
Massif alors "couronné de chèvres" qui domine cette ville. Une "énorme tour de roches bleues, plantée au bord du Plan de l’Aigle, cet immense plateau rocheux qui domine la verte vallée de l’Huveaune". Le Garlaban
65%
Nom des 3e et 4e tomes des souvenirs d'enfance de Marcel Pagnol, le 4e étant inachevé et publié posthume. Le Temps des secrets
65%
Nom des 3e et 4e tomes des souvenirs d'enfance de Marcel Pagnol, le 4e étant inachevé et publié posthume. Le Temps des amours
63%
Prénom de l'oncle et de la tante de Marcel Pagnol. Rose
63%
Complétez cet extrait de "La Gloire de mon père" : "Et dans mes petits poings sanglants d'où pendaient quatre ailes dorées, je haussais vers le ciel la gloire de mon père en face du soleil _______." Couchant
60%
Village où Marcel Pagnol passa ses vacances à partir de ses neuf ans dans une maison que son père avait loué "de moitié" avec son oncle. La Treille
52%
Complétez cet autre extrait de "La Gloire de mon père" : "Les cours d'histoire étaient élégamment truqués dans le sens de la vérité républicaine. Je n'en fais pas grief à la République : tous les manuels d'histoire du monde n'ont jamais été que des livrets de _________ au service des gouvernements." Propagande
50%
Lieu-dit d'où est originaire cet ami et où se trouve précisément la maison que loua la famille de Marcel Pagnol. Les Bellons
47%
Nom du "Château de ma mère", édifice du XIXe siècle situé dans le 11e arrondissement de Marseille, château que Marcel Pagnol racheta adulte, "celui de la peur, de la peur de ma mère. [...] Elle ne savait pas qu'elle était chez son fils." Le Château de la B____. Buzine
39%
Réalisateur des films "La Gloire de mon père" et "Le Château de ma mère" en 1990. Yves Robert
37%
Complétez cet autre extrait de "La Gloire de mon père" : "Les Écoles normales primaires étaient à cette époque de véritable séminaires, mais l'étude de la théologie y était remplacée par des cours d'anti_______." Cléricalisme
34%
Ancienne province du Royaume de France à la frontière espagnole d'où est originaire l'oncle maternel de Marcel Pagnol. Le Roussillon
31%
Aucun quiz correspondant
Distribution des résultats
% des personnes avec chaque résultat
Percentile par nombre de réponses
Votre historique - résultats
Vous n’avez pas pris ce quiz